| 000 | 01224nam a2200229Ia 4500 | ||
|---|---|---|---|
| 001 | L235-7406 | ||
| 003 | IT-CnALBA | ||
| 008 | 170116s9999||||xx |||||||||||||| ||und|| | ||
| 040 |
_aIT-CnALBA _cIT-CnALBA |
||
| 041 | _aITALIANO | ||
| 100 | _aROSCHINI P. GABRIELE, OSM. | ||
| 245 | 0 | _aISTRUZIONI MARIANE | |
| 250 | _a3a ed. | ||
| 260 |
_aCINISELLO BALSAMO (MI) _bEDIZIONI PAOLINE _c1954 [1° Ed.:1944 - Ed.Ling.Originale: 1944] |
||
| 300 | _a328 p. (prefazione: 5) | ||
| 500 | _aPREDESTINAZIONE E MISSIONE DI MARIA. MATERNITÀDIVINA. MEDIATRICE UNIVERSALE. DISPENSATRICE DI OGNI GRAZIA. REGINA DELL'UNIVERSO. VIRTÙ DI MARIA. DONI E FRUTTI DELLO SPIRITO SANTO. CARISMI. ASSUNZIONE IN ANIMA E CORPO. CULTO MARIANO. BENEFICI. CONSACRAZION | ||
| 501 | _aSocietà San Paolo EM - Piazza San Paolo, 14 - 12051 ALBA (CN) (non commercial uses only) ® Copyright 2017 | ||
| 520 | _aPREDESTINAZIONE E MISSIONE DI MARIA. MATERNITÀDIVINA. MEDIATRICE UNIVERSALE. DISPENSATRICE DI OGNI GRAZIA. REGINA DELL'UNIVERSO. VIRTÙ DI MARIA. DONI E FRUTTI DELLO SPIRITO SANTO. CARISMI. ASSUNZIONE IN ANIMA E CORPO. CULTO MARIANO. BENEFICI. CONSACRAZION | ||
| 650 | _aMARIA SS. ANGELI SANTI DEMONI | ||
| 942 | _cBK | ||
| 957 | _71 | ||
| 999 |
_a8382 _bNO _g Copie: 1 _c266588 _d266588 |
||